Coaches of the Adelaide Crows - Statistics

General Stats
  • This quiz has been taken 34 times
  • The average score is 7 of 11
Answer Stats
Years Name % Correct
2016-2019 Don Pyke
92%
2020- Matthew Nicks
85%
1991-1994 Graham Cornes
81%
1997-1999 Malcolm Blight
81%
2015 Phil Walsh
77%
2000-2004 Gary Ayres
69%
2012-2014 Brenton Sanderson
62%
2004-2011 Neil Craig
58%
2015 Scott Camporeale
42%
1995-1996 Robert Shaw
38%
2011 Mark Bickley
35%
No matching quizzes found
Score Distribution
Percent of People with Each Score
Percentile by Number Answered
Your Score History
You have not taken this quiz